Đại cương văn học sử Hoa Kỳ

Tập sách xuất bản dưới dạng song ngữ Anh-Việt. Các bài được trích từ nhiều cuốn sách viết về văn học sử Hoa Kỳ, cuối mỗi bài có phần tóm lược, câu hỏi thảo luận v.v...tiện lợi cho người muốn trau dồi kĩ năng đọc hiểu những bài l...

Fuld beskrivelse

Đã lưu trong:
Bibliografiske detaljer
Hovedforfatter: Đắc Sơn
Format: Bog
Sprog:Undetermined
Udgivet: Tp. HCM Nxb. Tp. HCM 1996
Fag:
Tags: Tilføj Tag
Ingen Tags, Vær først til at tagge denne postø!
Thư viện lưu trữ: Trung tâm Học liệu Trường Đại học Cần Thơ
LEADER 00989nam a2200181Ia 4500
001 CTU_16524
008 210402s9999 xx 000 0 und d
082 |a 428.24 
082 |b S464 
100 |a Đắc Sơn 
245 0 |a Đại cương văn học sử Hoa Kỳ 
245 0 |c Đắc Sơn 
260 |a Tp. HCM 
260 |b Nxb. Tp. HCM 
260 |c 1996 
520 |a Tập sách xuất bản dưới dạng song ngữ Anh-Việt. Các bài được trích từ nhiều cuốn sách viết về văn học sử Hoa Kỳ, cuối mỗi bài có phần tóm lược, câu hỏi thảo luận v.v...tiện lợi cho người muốn trau dồi kĩ năng đọc hiểu những bài luận tiếng Anh. Để nghiên cứu VH sử HK cần phải đọc những cuốn khác nghiêm chỉnh hơn. 
650 |a english language,readers 
980 |a Trung tâm Học liệu Trường Đại học Cần Thơ